| 000 | 00944nam0a22002651 4500 | ||
|---|---|---|---|
| 001 | rc\2805323 | ||
| 005 | 20250806202726.0 | ||
| 035 | _a(NLR Aleph) 007210698 | ||
| 090 |
_a58695 _c58695 |
||
| 100 | _a20110915d1945 u y0rusy50 ca | ||
| 101 | 0 | _arus | |
| 102 | _aRU | ||
| 105 | _ay z |||c| | ||
| 200 | 1 |
_aСталевар Бронников _eОчерк о старшем сталеваре Горьк. автозавода им. Молотова _fИван Фадеев |
|
| 210 |
_a[Горький] _cГорьк. обл. изд-во _d1945 _gтип. Полиграф |
||
| 215 |
_a32 с. _d20 см. |
||
| 600 | 1 |
_aБронников _bЛ.З. _gЛеонид Захарович |
|
| 700 | 1 |
_aФадеев _bИ. _gИван |
|
| 801 | 0 |
_aRU _bNLR _gpsbo |
|
| 801 | 1 |
_aRU _bELAR _2rusmarc |
|
| 852 |
_aNLR _jЭк40 Г-4/191 |
||
| 942 | _cBOOK | ||
| 945 | _aРоссийская национальная библиотека | ||
| 980 | _aNB | ||
| 980 | _aBV | ||